Man United 5 - 4 OL (Europa League 2025) - Statistiques

Statistiques générales
  • Ce quiz a été pris 53 fois
  • Le résultat moyen est 25 sur 34
Statistiques - réponses
Poste Pays Joueur % Correct
Gardien de but André Onana
98%
Défenseur central Harry Maguire
92%
Défenseur central droit (46') Noussair Mazraoui
90%
Milieu défensif Casemiro
88%
Défenseur central gauche Leny Yoro
88%
Latéral droit Diogo Dalot
86%
Avant-centre Georges Mikautadze
86%
Latéral gauche Nicolás Tagliafico
86%
Avant-centre remplaçant (55') Alexandre Lacazette
84%
Ailier droit Bruno Fernandes
84%
Milieu central Corentin Tolisso
84%
Ailier droit Rayan Cherki
84%
Ailier gauche (100') Alejandro Garnacho
82%
Milieu central remplaçant (100') Christian Eriksen
82%
Milieu défensif (86') Manuel Ugarte
82%
Avant-centre (86') Rasmus Højlund
82%
Latéral droit Ainsley Maitland-Niles
80%
Ailier gauche remplaçant (64') Malick Fofana
80%
Défenseur central remplaçant (115') Duje Caleta-Car
76%
Gardien de but Lucas Perri
76%
Latéral gauche remplaçant (46') Luke Shaw
76%
Coach Ruben Amorim
76%
Défenseur central Moussa Niakhaté
71%
Coach Paulo Fonseca
71%
Milieu défensif remplaçant (55') Tanner Tessmann
69%
Défenseur central Clinton Mata
67%
Milieu offensif remplaçant (86') Mason Mount
63%
Ailier gauche Thiago Almada
63%
Milieu central remplaçant (86') Kobbie Mainoo
61%
Latéral gauche remplaçant (106') Abner
49%
Milieu droit (55') Jordan Veretout
49%
Latéral gauche (100') Patrick Dorgu
49%
Milieu gauche (55') Paul Akouokou
45%
Latéral gauche remplaçant (100') Harry Amass
14%
Aucun quiz correspondant
Distribution des résultats
% des personnes avec chaque résultat
Percentile par nombre de réponses
Votre historique - résultats
Vous n’avez pas pris ce quiz